Kahramanmaraş Sütçü İmam Üniversitesi Rektörlüğü tarafından düzenlenen panel-konferans ve sempozyumlar. (Record no. 160649)
[ view plain ]
| 000 -LEADER | |
|---|---|
| fixed length control field | 00759 a2200241 4500 |
| 001 - CONTROL NUMBER | |
| control field | 160649 |
| 003 - CONTROL NUMBER IDENTIFIER | |
| control field | TR-AnTOB |
| 005 - DATE AND TIME OF LATEST TRANSACTION | |
| control field | 20231221104806.0 |
| 008 - FIXED-LENGTH DATA ELEMENTS--GENERAL INFORMATION | |
| fixed length control field | 090512s1995 tu 10000 tur |
| 040 ## - CATALOGING SOURCE | |
| Original cataloging agency | TR-AnTOB |
| 041 ## - LANGUAGE CODE | |
| Language code of text/sound track or separate title | Türkçe |
| 050 #0 - LIBRARY OF CONGRESS CALL NUMBER | |
| Classification number | AS21.A3 |
| Item number | K337 1995 TOBBK |
| 090 ## - LOCALLY ASSIGNED LC-TYPE CALL NUMBER (OCLC); LOCAL CALL NUMBER (RLIN) | |
| Classification number (OCLC) (R) ; Classification number, CALL (RLIN) (NR) | AS21.A3 K337 1995 TOBBK |
| 245 #0 - TITLE STATEMENT | |
| Title | Kahramanmaraş Sütçü İmam Üniversitesi Rektörlüğü tarafından düzenlenen panel-konferans ve sempozyumlar. |
| 264 #1 - PRODUCTION, PUBLICATION, DISTRIBUTION, MANUFACTURE, AND COPYRIGHT NOTICE | |
| Place of production, publication, distribution, manufacture | Kahramanmaraş: |
| Name of producer, publisher, distributor, manufacturer | T.C.K.S.Ü. Rektörlüğü, |
| Date of production, publication, distribution, manufacture, or copyright notice | 1995 |
| 300 ## - PHYSICAL DESCRIPTION | |
| Extent | 70 s. |
| Other physical details | grf. |
| 650 ## - SUBJECT ADDED ENTRY--TOPICAL TERM | |
| Topical term or geographic name entry element | Kongre ve konferanslar |
| Geographic subdivision | Türkiye |
| -- | Kahramanmaraş |
| 9 (RLIN) | 67416 |
| 710 2# - ADDED ENTRY--CORPORATE NAME | |
| Corporate name or jurisdiction name as entry element | Kahramanmaraş Sütçü İmam Üniversitesi |
| 9 (RLIN) | 77412 |
| 902 ## - LOCAL DATA ELEMENT B, LDB (RLIN) | |
| a | T000942 (001952) |
| 903 ## - LOCAL DATA ELEMENT C, LDC (RLIN) | |
| a | Tobb Koleksiyonu |
| 945 ## - LOCAL PROCESSING INFORMATION (OCLC) | |
| a | ZŞ |
| 942 ## - ADDED ENTRY ELEMENTS (KOHA) | |
| Koha item type | Book |
| Withdrawn status | Lost status | Source of classification or shelving scheme | Not for loan | Collection code | Home library | Current library | Shelving location | Date acquired | Source of acquisition | Total Checkouts | Total Holds | Full call number | Barcode | Copy number | Date shelved | Koha item type | Public note |
|---|---|---|---|---|---|---|---|---|---|---|---|---|---|---|---|---|---|
| Library of Congress Classification | Ödünç Verilebilir / Available | TOBB Kütüphanesi Bağış Koleksiyonu - Klasik | Merkez Kütüphane | Merkez Kütüphane | TOBB Bağışı Koleksiyonu / TOBB Gift Collection | 01/07/2005 | TOBB Devir / TOBB Transfer | AS21.A3 K337 1995 TOBBK | T000942 | 1 | 21/04/2010 | Book | Donated by TOBB |
